000
00206nam a2200085Ia 4500
008
170620s9999 xx 000 0 und d
100
_a
Aiyars ramanatha
245
0
_a
advanced Law Lexicon
260
_b
"Delhi
260
_c
wadhwa nagpur"
999
_c
29184
_d
29184